| LEADER 00000nam 2200000uu 4500 |
| 008 140708s2554||||th 000 0 tha d |
| 041 0 ^atha^beng
|
| 090 ^aวพ HV5283.T5 น784ป 2554
|
| 100 0 ^aเนตรชนก แก้วจันทา
|
| 245 10 ^aรายงานวิทยานิพนธ์เรื่อง ปัจจัยทำนายพฤติกรรมการดื่มสุราแบบหนัก (Binge Drinking)ของนักเรียนอาชีวศึกษา ในสถาบันการศึกษาเอกชนแห่งหนึ่ง /^cเนตรชนก แก้วจันทา
|
| 246 15 ^aPredictors of binge drinking behaviors among vocationaleducation students at a private institution
|
| 260 ^aขอนแก่น : ^bมหาวิทยาลัยขอนแก่น,^c2554
|
| 300 ^a164 แผ่น
|
| 502 ^aวิทยานิพนธ์ (พย.ม.)--สาขาวิชาการพยาบาลสุขภาพจิตและจิตเวช บัณฑิตวิทยาลัย มหาวิทยาลัยขอนแก่น, 2554
|
| 650 4 ^aการดื่มสุรา^xพฤติกรรม
|
| 650 0 ^aวิทยานิพนธ์
|
| 710 2 ^aมหาวิทยาลัยขอนแก่น. บัณฑิตวิทยาลัย สาขาวิชาการพยาบาลสุขภาพจิตและจิตเวช
|
| 999 ^aใช้งานได้ทุกระบบ
|